Diversificación de la oferta turística de San Antonio de Areco a través del Turismo de Aventura / (Registro nro. 18009)
[ vista simple ]
| 000 -CABECERA | |
|---|---|
| Campo de control de longitud fija | 01541nam a22002057a 4500 |
| 003 - IDENTIFICADOR DEL NÚMERO DE CONTROL | |
| Campo de control | AR-BaUME |
| 005 - FECHA Y HORA DE LA ÚLTIMA TRANSACCIÓN | |
| Campo de control | 20260311111141.0 |
| 008 - CÓDIGOS DE INFORMACIÓN DE LONGITUD FIJA | |
| Campo de control de longitud fija | 260311b ||||| |||| 00| 0 spa d |
| 040 ## - FUENTE DE LA CATALOGACIÓN | |
| Centro catalogador de origen | UMET Biblioteca |
| Lengua de catalogación | spa |
| Centro transcriptor | UMET Biblioteca |
| 100 ## - PUNTO DE ACCESO PRINCIPAL - NOMBRE DE PERSONA | |
| Nombre de persona | Vocobelli, Ramiro |
| 9 (RLIN) | 27321 |
| 245 ## - MENCIÓN DE TÍTULO | |
| Título | Diversificación de la oferta turística de San Antonio de Areco a través del Turismo de Aventura / |
| Mención de responsabilidad etc. | Ramiro Vocobelli; tutora Valeria L. Fischer |
| 250 ## - MENCIÓN DE EDICIÓN | |
| Mención de edición | 1a ed. |
| 260 ## - PUBLICATION, DISTRIBUTION, ETC. (IMPRINT) | |
| Lugar de publicación distribución etc. | Ciudad de Buenos Aires : |
| Nombre del editor distribuidor etc. | UMET, |
| Fecha de publicación distribución etc. | 2024 |
| 300 ## - DESCRIPCIÓN FÍSICA | |
| Extensión | 53 p : |
| 502 ## - NOTA DE TESIS | |
| Nota de tesis | Tesis (Licenciatura en Turismo) - |
| Nombre de la institución que otorga el título | Universidad Metropolitana para la Educación y el Trabajo, Ciudad de Buenos Aires, |
| Año de obtención del título | 2024. |
| 520 ## - NOTA DE SUMARIO; ETC. | |
| Sumario etc. | "La presente producción, se basa en la elaboración de un proyecto de intervención aplicado a la localidad turística de San Antonio de Areco. El mismo tiene como fin contribuir al desarrollo turístico del destino haciendo énfasis en la descentralización de su oferta turística. Esta investigación-acción permitirá diversificar la oferta turística del destino y potenciar el turismo de aventura. Por otra parte, el trabajo tiene como objetivo, conceptualizar y caracterizar el turismo de aventura y sus actividades asociadas, caracterizar el destino, evaluar la situación actual del turismo de aventura y por último elaborar propuestas afines a la modalidad turística mencionada." |
| Fuente proveedora | (resumen) |
| 700 ## - PUNTO DE ACCESO ADICIONAL - NOMBRE DE PERSONA | |
| Nombre de persona | Fischer, Valeria L. |
| Término indicativo de función | tut. |
| 9 (RLIN) | 27322 |
| 856 ## - LOCALIZACIÓN Y ACCESO ELECTRÓNICOS | |
| Identificador Uniforme del Recurso (URI) | https://forms.gle/Kw4PRVhcEaZfTaho8 |
| Nota pública | Solicitar acceso online |
| 942 ## - ENTRADA PARA ELEMENTOS AGREGADOS (KOHA) | |
| Fuente de clasificación o esquema de ordenación en estanterías | |
| Koha [por defecto] tipo de item | Tesis de Grado |
No hay ítems disponibles.



